| 000 | 00348nam a22001457a 4500 | ||
|---|---|---|---|
| 003 | SGT | ||
| 082 |
_a150 _bR24S |
||
| 100 | _aSUPRIYA | ||
| 245 | _aROLE OF COURAGE IN ORAL HEALTH BEHAVIOR: A MIXED METHOD STUDY | ||
| 260 |
_aGURUGRAM _bSGT UNIVERSITY _c2024 |
||
| 300 | _a217 | ||
| 650 | _aCLINICAL PSYCHOLOGY | ||
| 653 | _aPHD | ||
| 942 |
_2ddc _cTH |
||
| 999 |
_c32414 _d32414 |
||